000 00809nas a2200265 4500
001 BR7308086
003 BR-BrBNA
005 20231205082647.0
007 ta
008 230509b bl.|||p| |||| 00| 00por d
040 _aBR-BrBNA
_bpor
_cBiblioteca Nacional de Agricultura
041 _a(Pt)
072 _aP05
100 1 _aSouza, L.G. de
100 1 _aLima, U. de A.
245 1 _aDiferentes ensaios com mosto de melaco de acucar cristal e a formacao de incrustacoes nas colunas de destilacao de etanol
_bParte de tese
650 _aMELACO
650 _aACUCAR
650 _aALCOOL
650 _aMOSTO
650 _aDESTILARIA
773 0 _tBrasil Acucareiro (Brazil)
_xISSN 0006-9167
_g(Oct 1973), v. 82(4) p. 63-79
_wBR7308086
909 _a202311
_bLúcia
_c55
_dLúcia Elande
942 _2AGRIS
_n0
_cANA
999 _c93547
_d93547